000
00213 a2200097 4500
001
42363
100
_a
Macadam I
245
_a
The Annual Register
260
_a
_b
Longmans Green & Co.
_c
090
_c
26298
_d
26298
942
_a
NUST-CAE
_c
M
_c
18111
999
_c
277436
_d
277436